|
|
|
|
| LEADER |
00000nam0a2200000 4500 |
| 001 |
351046 |
| 005 |
20231102010350.0 |
| 035 |
|
|
|a (RuTPU)RU\TPU\retro\5460
|
| 090 |
|
|
|a 351046
|
| 100 |
|
|
|a 20190319d1940 k y0rusy50 ca
|
| 101 |
0 |
|
|a rus
|
| 102 |
|
|
|a RU
|
| 105 |
|
|
|a a z 001zy
|
| 200 |
1 |
|
|a Электроматериаловедение
|f под ред. Б. М. Тареева
|
| 210 |
|
|
|a Москва
|a Ленинград
|c Госэнергоиздат
|d 1940
|
| 215 |
|
|
|a 283 с.
|c ил.
|
| 225 |
1 |
|
|a Для мастеров социалистического труда
|
| 316 |
|
|
|5 63413507: КР-6382
|a На переднем форзаце владельческая подпись: "А. Воробьев"
|
| 317 |
|
|
|5 63413507: КР-6382
|a Поступила в НТБ в 1987 г. в дар от вдовы ученого Е. К. Завадовской
|
| 320 |
|
|
|a Библиография в конце глав
|
| 320 |
|
|
|a Предметный указатель: с. 275-283
|
| 606 |
1 |
|
|a Электроматериаловедение
|2 stltpush
|3 (RuTPU)RU\TPU\subj\20209
|9 45328
|
| 610 |
1 |
|
|a магнитные материалы
|
| 610 |
1 |
|
|a проводниковые материалы
|
| 610 |
1 |
|
|a сплавы
|
| 610 |
1 |
|
|a электроизоляционные материалы
|
| 610 |
1 |
|
|a свойства
|
| 610 |
1 |
|
|a испытания
|
| 610 |
1 |
|
|a газообразные электроизоляционные материалы
|
| 610 |
1 |
|
|a жидкие электроизоляционные материалы
|
| 610 |
1 |
|
|a волокнистые электроизоляционные материалы
|
| 610 |
1 |
|
|a лаки
|
| 610 |
1 |
|
|a компаунды
|
| 610 |
1 |
|
|a минеральные электроизоляционные материалы
|
| 610 |
1 |
|
|a стекла
|
| 610 |
1 |
|
|a плавленые горные породы
|
| 610 |
1 |
|
|a керамические материалы
|
| 610 |
1 |
|
|a пластмассы
|
| 610 |
1 |
|
|a кабельные изделия
|
| 610 |
1 |
|
|a библиотека А. А. Воробьева
|
| 610 |
1 |
|
|a дары библиотеке
|
| 610 |
1 |
|
|a владельческая надпись
|
| 675 |
|
|
|a 621.3.002.3
|v 4
|
| 702 |
|
1 |
|a Тареев
|b Б. М.
|g Борис Михайлович
|4 340
|
| 801 |
|
1 |
|a RU
|b 63413507
|c 20190319
|
| 801 |
|
2 |
|a RU
|b 63413507
|c 20200213
|g RCR
|
| 942 |
|
|
|c BK
|